វីភាគទាននៃការសិក្សាការហូរច្រោះដីទៅលើបឹងទន្លេសាប (Record no. 3095)

000 -LEADER
fixed length control field 00517nam a22001577a 4500
003 - CONTROL NUMBER IDENTIFIER
control field OSt
005 - DATE AND TIME OF LATEST TRANSACTION
control field 20151104095024.0
008 - FIXED-LENGTH DATA ELEMENTS--GENERAL INFORMATION
fixed length control field 151104b xxu||||| |||| 00| 0 eng d
040 ## - CATALOGING SOURCE
Transcribing agency RUA
082 ## - DEWEY DECIMAL CLASSIFICATION NUMBER
Classification number FOR ភោគ 1995 B121 Or.1
100 ## - MAIN ENTRY--PERSONAL NAME
9 (RLIN) 3317
Personal name ភោគ វីរៈ
245 ## - TITLE STATEMENT
Title វីភាគទាននៃការសិក្សាការហូរច្រោះដីទៅលើបឹងទន្លេសាប
260 ## - PUBLICATION, DISTRIBUTION, ETC. (IMPRINT)
Place of publication, distribution, etc. Phnom Penh
Name of publisher, distributor, etc. RUA
Date of publication, distribution, etc. 1995
300 ## - PHYSICAL DESCRIPTION
Extent 172p.
Other physical details ill.
Dimensions 29cm.
942 ## - ADDED ENTRY ELEMENTS (KOHA)
Source of classification or shelving scheme
Koha item type FOR
Holdings
Price effective from Date last seen Permanent Location Not for loan Date acquired Source of classification or shelving scheme Koha item type Lost status Withdrawn status Date last checked out Total Checkouts Shelving location Damaged status Barcode Current Location Full call number
2015-11-042016-06-07Library Block B 2015-11-04 FOR  2016-05-311B121 RUA010847Library Block BFOR ភោគ 1995 B121 Or.1
2015-11-042015-11-04Library Block B 2015-11-04 FOR    B121 RUA026219Library Block BFOR ភោគ 1995 B121 Or.2
2015-11-042016-02-01Library Block B 2015-11-04 FOR  2016-01-181B121 RUA027541Library Block BFOR ភោគ 1995 B121 Or.3
2015-11-042015-11-04Library Block B 2015-11-04 FOR    B121 RUA027513Library Block BFOR ភោគ 1995 B121 Or.4
2016-11-112016-11-11Library Block B 2016-11-11 FOR    B121 A03557Library Block BFOR ភោគ 1995 B121 Or.5
មជ្ឈមណ្ឌលឯការនៃសាកលវិទ្យាល័យភូមិន្ទកសិកម្មចំការដូង

Powered by Koha